000 00295nam a22001337a 4500
020 _a019563092-0
082 _a200
_bMAD/R
100 _aMADAN, T N
245 _aRELIGION IN INDIA
260 _aDELHI
_bOXFORD UNIVERSITY PRESS
_c2003
300 _a459
650 _aRELIGIOUS
_zINDIA
942 _cBK
999 _c5268
_d5268